Chemistry / (Record no. 7102)

MARC details
000 -LEADER
fixed length control field 00783nam a22002417a 4500
003 - CONTROL NUMBER IDENTIFIER
control field OSt
005 - DATE AND TIME OF LATEST TRANSACTION
control field 20251216023413.0
008 - FIXED-LENGTH DATA ELEMENTS--GENERAL INFORMATION
fixed length control field 251216b |||||||| |||| 00| 0 eng d
020 ## - INTERNATIONAL STANDARD BOOK NUMBER
International Standard Book Number 9812470301
040 ## - CATALOGING SOURCE
Original cataloging agency DWCL - Main
Transcribing agency OC
082 ## - DEWEY DECIMAL CLASSIFICATION NUMBER
Classification number Circ. 540 W665c 2003
100 ## - MAIN ENTRY--PERSONAL NAME
Personal name Wilbraham, Anthony C.
Relator term Author
245 ## - TITLE STATEMENT
Title Chemistry /
Statement of responsibility, etc. Anthony C. Wilbraham [and three others]
250 ## - EDITION STATEMENT
Edition statement 5th edition
260 ## - PUBLICATION, DISTRIBUTION, ETC.
Place of publication, distribution, etc. Singapore:
Name of publisher, distributor, etc. Pearson Education,
Date of publication, distribution, etc. c2003.
300 ## - PHYSICAL DESCRIPTION
Extent xxiii, 881 pages:
Other physical details illustrations;
Dimensions 25 cm.
504 ## - BIBLIOGRAPHY, ETC. NOTE
Bibliography, etc. note Includes index, glossary, and bibliographical references.
650 ## - SUBJECT ADDED ENTRY--TOPICAL TERM
Topical term or geographic name entry element 1. Chemistry.
700 ## - ADDED ENTRY--PERSONAL NAME
Personal name I. Staley, Dennis D.
Relator term Author
700 ## - ADDED ENTRY--PERSONAL NAME
Personal name II. Matta, Michael S.
Relator term Author
700 ## - ADDED ENTRY--PERSONAL NAME
Personal name III. Waterman, Edward L.
Relator term Author
942 ## - ADDED ENTRY ELEMENTS (KOHA)
Source of classification or shelving scheme Dewey Decimal Classification
Koha item type Book Circulation
Suppress in OPAC No
952 ## - LOCATION AND ITEM INFORMATION (KOHA)
--
Holdings
Withdrawn status Lost status Source of classification or shelving scheme Damaged status Not for loan Home library Current library Shelving location Date acquired Source of acquisition Cost, normal purchase price Total Checkouts Full call number Barcode Date last seen Copy number Price effective from Koha item type Uniform Resource Identifier
    Dewey Decimal Classification     Junior High School Library Junior High School Library Circulation 01/12/2007 Library Fund 498.00   Circ. 540 W665c 2003 JHS - 14117 12/16/2025 c1 12/16/2025 BK-CIRC